Statistiques concernant Paroles Au DD - PNL

Cliquez ici pour prendre le quiz!

Statistiques générales

  • Ce quiz a été pris 209 fois
  • Le résultat moyen est 227 sur 444

Statistiques - réponses

% Correct
à
99%
b*,
96%
le
95%
p*
94%
de
93%
je
93%
Je
93%
la
91%
La
91%
couilles
89%
Les
89%
les
89%
Me
89%
Mon
89%
mon
89%
plus
88%
coeur
87%
fait
87%
87%
Que
86%
que
86%
Au
85%
Bats
85%
DD,
85%
DD
85%
DD.
85%
Pas
85%
pas
85%
Si
85%
si
85%
Sur
84%
sur
84%
ton
84%
J'vis
83%
l'Himalaya,
83%
ta
83%
cri,
82%
ces
80%
Crime
80%
j'vise
80%
passionnel
80%
l'sommet,
79%
mal
79%
ni
79%
Sang
79%
sang
79%
toi
79%
toi,
79%
Toi
79%
vous
79%
vous,
79%
fils
78%
j'la
76%
J'la
76%
J'fais
75%
j'fais
75%
pé*
74%
tâche
74%
connaître
73%
J'me
73%
lune
72%
oulalala,
72%
pull.
72%
te
72%
laisse,
71%
nullement
71%
j'commets.
70%
mélangé
70%
mélangé,
70%
d'ici
69%
d'ici.
69%
d'boulette,
68%
J'désire
68%
ma
68%
m'a
68%
tire
68%
ça
67%
j'ai
67%
j'vous
66%
bougnoule,
65%
comme
65%
corse
64%
j'suis
64%
J'suis
64%
m'écoute,
64%
moi
64%
Moi
64%
trou
63%
Elle
61%
elle
61%
peu
61%
Dans
60%
dans
60%
d'Hadès.
60%
par
60%
veut
60%
d'chez
59%
sous
58%
en
56%
l'continent
55%
un
55%
bise
54%
t'enc*
54%
j'aime
53%
ne
52%
tu
52%
Igo,
51%
igo
51%
on
51%
des
50%
l'adresse,
50%
PV.
50%
Sale
50%
J'm'endors
49%
mèche
49%
rêve
49%
courte,
48%
doré
48%
J'connais
47%
j'connais
47%
monde,
47%
Terre
47%
tombe.
47%
érotique
46%
puis
45%
Puis
45%
chez
44%
route
44%
qui
43%
ressemble
43%
cauchemar
42%
détaille,
42%
parles
42%
pourquoi
42%
baisé
40%
bébé.
40%
éxotique
40%
mais
40%
voiture
40%
Mes
39%
mes
39%
j'caresse
38%
j'retire
38%
trop
38%
âme
37%
garée,
37%
j'parle
37%
mektoub.
37%
passe,
37%
dit
36%
famille,
36%
famille
36%
baba
35%
calculer
34%
dernier
34%
Forte
34%
n'a
34%
visser,
34%
rue
33%
rue,
33%
dis
32%
longtemps,
32%
pé-cou,
32%
pétales.
32%
du
31%
gnôle.
31%
nous
31%
pendant
31%
gramme.
30%
J'meurs
30%
nan,
30%
perdu
30%
J'tire
29%
regrets
29%
donné
28%
jusqu'au
28%
neuch,
28%
Paname.
28%
Wallah
28%
fais
27%
jamais
27%
bisou
26%
cafards
26%
J'sors
26%
n'écoute
26%
d'vant
25%
personne
25%
peur
25%
cave
23%
gueule,
23%
riches.
23%
sens
23%
j'reprends
22%
messagerie.
22%
Sans,
22%
sans
22%
sans,
22%
signe.
22%
d'honneur
21%
frère,
21%
Mitch.
21%
ouais
21%
avec
20%
j'écoule,
20%
parce
20%
seule,
20%
aux
19%
gainés.
19%
Gucci
19%
niqué
19%
pectoraux
19%
suis
19%
iencli
18%
tomberont
18%
va
18%
Y'a
18%
ya
18%
poto,
17%
singeries.
17%
Toujours
17%
deuxième
16%
jungle,
16%
91,
15%
album,
15%
animal.
15%
billet,
15%
haine
15%
inquiète
15%
j'aurais
15%
peiné.
15%
puta,
15%
quartiers
15%
seum
15%
toute
15%
allure
14%
beaux
14%
Eh,
14%
game.
14%
j'y
14%
sourire
14%
Viens
14%
affaires,
13%
Avant
13%
dévale
13%
qu'on
13%
six
13%
téma
13%
arriver
12%
C'est
12%
h24
12%
humain,
12%
J'recherche
12%
l'bénef
12%
ppe-f
12%
promène
12%
tour,
12%
bac-eux
11%
d'amour
11%
dernière
11%
planque,
11%
plans
11%
démarre
10%
sors
10%
vider
10%
effacé,
9%
igos
9%
nuage
9%
reconnu
9%
s'casse
9%
T'as
9%
t'es
9%
doit
8%
canon
7%
l'enfer,
7%
peut-être
7%
P'têtre
7%
s'perde
7%
Ouïghour ?
6%
changé,
5%
C'qui
5%
habités,
5%
minuit
5%
rien
5%
d'étranger,
4%
rend
4%
casser
3%
entre
3%
ne-grai,
3%
prix,
3%
j'largue
2%
rêves
2%
après
1%
d'humains
1%
l'bât,
1%
Moins
1%
ounga
1%
ounga,
1%
taille-dé
1%
tours,
1%
push
0%
s'ute
0%

Distribution des résultats

Percentile par nombre de réponses

% des personnes avec chaque résultat

Votre développement - résultats

Vous n’avez pas pris ce quiz